000 00859nam a2200229 a 4500
001 000006367
005 20200929153925.0
008 090828s2004 dr a 000 0 spa d
040 _aDO-SdBNP
_bspa
_cBNPHU
082 _a398.2097293
_bH557k
100 1 _aHernández Soto, Carlos
_91368
245 1 0 _a¡Kalunga eh! :
_blos congos de Villa Mella /
_cCarlos Hernández Soto.
260 _aSanto Domingo, :
_bLetra Gráfica,
_c2004.
300 _a142 p. :
_bil. ;
_c22 cm.
500 _aIncluye datos biográficos del autor en la solapas
504 _aBibliografía: p. 141-142
504 _aIncluye referencias bibliográficas y notas al pie de las páginas
590 _aInventariado, 2018/VM
650 4 _aCultos afro-americano
_917714
650 4 _aNegros
_zRepública Dominicana, Villa Mella
_xReligión
_917715
910 _aValidado. Control de calidad MFF
999 _c6162
_d6162